书目信息 |
| 题名: |
近代哲学史
|
|
| 作者: | Бакраджа , 巴克拉捷 ;愚生 译 | |
| 分册: | ||
| 出版信息: | 上海 上海译文出版社 1983 |
|
| 页数: | 449页 | |
| 开本: | 21cm | |
| 丛书名: | ||
| 单 册: | ||
| 中图分类: | B14 | |
| 科图分类: | ||
| 主题词: | 哲学史--世界--近代 | |
| 电子资源: | ||
| ISBN: | ||
| 000 | 00847nam0 2200277 45 | |
| 001 | 0183005503 | |
| 005 | 20070730152026.56 | |
| 010 | @dCNY1.70 | |
| 091 | @aCN@b12188.13 | |
| 100 | @a19951001d1983 emky0chiy0121 ea | |
| 101 | 1 | @achi@crus |
| 102 | @aCN@b310000 | |
| 105 | @ay z 000yy | |
| 200 | 10 | @a近代哲学史@Ajin dai zhe xue shi@f(苏)巴克拉捷(К.С.Бакраджа)著@g愚生译 |
| 210 | @a上海@c上海译文出版社@d1983 | |
| 215 | @a449页@d21cm | |
| 300 | @a书名原文:История новой философии | |
| 510 | 1 | @aИстория новой философии@zrus |
| 606 | @a哲学史@y世界@z近代 | |
| 690 | @aB14@v3 | |
| 701 | A1 | @aБакраджа@bК.С.著 |
| 701 | 1 | @a巴克拉捷@Aba ke la jie@bК.С.@4著 |
| 702 | 0 | @a愚生@Ayu sheng@4译 |
| 801 | 2 | @aCN@bNLC@c20070730 |
| 801 | 0 | @aCN@bTSSF |
| 905 | @a10447@dB14@e59 | |
| 近代哲学史/(苏)巴克拉捷(К.С.Бакраджа)著/愚生译.-上海:上海译文出版社,1983 |
| 449页;21cm |
| 书名原文:История новой философии |
| ISBN :CNY1.70 |
| ● |
| 相关链接 |
|
|
|
|
正题名:近代哲学史
索取号:B14/59
 
预约/预借
| 序号 | 登录号 | 条形码 | 馆藏地/架位号 | 状态 | 备注 |
| 1 | 0785885 | 207858852 | 第一样本阅览室/ [索取号:B14/59] | 在馆 |